Score 0/7 Timer 03:00
0 Plays Today
Question Answer Wrong Answers
300 Lakota are killed by the United States 7th Cavalry Regiment, in an event known today as the Wounded ______ Massacre.
1890
Knee
94%
Head
1.7%
Arm
1.6%
Foot
2.2%
The remaining leaders of the Khmer Rouge apologize for the 1970s genocide in ______ that claimed over one million lives.
1998
Cambodia
88.1%
Vietnam
5.7%
Taiwan
1%
Nepal
3.1%
US President Barack Obama imposes sanctions and ejects 35 ______ diplomats in retaliation for the alleged hacking of American computer systems during the 2016 Presidential Election.
2016
Russian
88%
North Korean
5.6%
Iranian
3.5%
Venezuelan
0.6%
This global organization, whose initial aim was to put Christian principles into practice by developing a healthy ‘body, mind, and spirit’, opens their first building in the United States (Boston).
1851
YMCA
83.6%
United Way
1.9%
Boys & Girls Club
3.2%
The Salvation Army
11.3%
This American actress and producer, best known for her eponymous hit TV sitcom, in which she played a local news producer in Minneapolis, is born.
1936
Mary Tyler Moore
83.6%
Carol Burnett
3.3%
Lucille Ball
9.3%
Donna Reed
2%
‘A Portrait of the Artist as a Young Man’, the first novel by this author, is published.
1916
James Joyce
62.2%
Ernest Hemingway
25.7%
Franz Kafka
6.1%
Graham Greene
4.9%
This man is sworn in as the 10th Prime Minister of Canada. He will be best remembered for his leadership of Canada during the Second World War.
1921
Mackenzie King
31%
Pierre Trudeau
18.9%
John A. Macdonald
41.8%
John Thompson
6.8%
Remove Ads.
Support Sporcle.
Get the best of Sporcle when you Go Orange. This ad-free experience offers more features, more stats, and more fun while also helping to support Sporcle. Thank you for becoming a member.

You're not logged in!

Compare scores with friends on all Sporcle quizzes.
OR
Log In

Sporcle TV

Today on Sporcle TV


Watch our educational content, quiz creation guides, and fun videos on Sporcle TV.

Show Comments

Extras

Top Quizzes Today


Score Distribution

Paid Content

Your Account Isn't Verified!

In order to create a playlist on Sporcle, you need to verify the email address you used during registration. Go to your Sporcle Settings to finish the process.

Report this User

Report this user for behavior that violates our Community Guidelines.

Details: